Základy výživy

Enregistré dans:
Détails bibliographiques
Autres auteurs: Pánek, Jan, 1955-
Format: Livre
Langue:tchèque
Publié: Praha Svoboda Servis 2002
Sujets:
Accès en ligne:Voir à l'OPAC
Tags: Ajouter un tag
Pas de tags, Soyez le premier à ajouter un tag!

MARC

LEADER 00000nam a2200000 a 4500
005 20260127134242.0
008 060330 2002 xr 000 0 cze d
020 |a 8086320235 
035 |a vtls008640580 
039 9 |a 201101181224  |b masnk01  |y 200603301004  |z mschk03 
040 |a STUSCHK1  |b slo  |c STUSCHK1  |e AACR2 
080 |a 613.2 
245 1 |a Základy výživy  |c Pánek, Jan a kol. 
260 |a Praha  |b Svoboda Servis  |c 2002 
300 |a 207 s. 
650 0 |a výživa  |x základy výživy 
700 1 |a Pánek, Jan,  |d 1955-  |9 1145 
910 |a SCHK95 
919 |a 80-86320-23-5 
999 |c 7885  |d 7885